بحوث فى المعرفة الروحية: (Record no. 6654)
[ view plain ]
| 000 -الفاتح | |
|---|---|
| حقل البيانات ثابتة الطول | 00538nac a22001451u 4500 |
| 008 - عناصر البيانات ثابتة الطول - معلومات عامة | |
| حقل البيانات ثابتة الطول | 080827s ua|||||r|||| 000 0 ara d |
| 020 ## - الرقم الدولى المعيارى للكتب | |
| الرقم الدولى المعيارى للكتاب | 9775030536 |
| 082 ## - رقم تصنيف ديوى العشرى | |
| رقم التصنيف | 147 |
| رقم المادة | ع د و |
| 245 ## - بيان العنوان | |
| العنوان | بحوث فى المعرفة الروحية: |
| بقية العنوان | كوكب الارض وبشريته فى الالفية الثالثة/ |
| بيان المسئوليه,etc | محمد صادق العدوي |
| 260 ## - PUBLICATION, DISTRIBUTION, ETC. (IMPRINT) | |
| مكان الناشر او الموزع | [القاهرة ] : |
| اسم الناشر او الموزع | [د.ن]، |
| تاريخ النشر أو التوزيع | 2003. |
| 300 ## - الوصف المادى | |
| التعداد | 143ص؛ |
| أبعاد الوعاء | 24 سم |
| 504 ## - تبصرة ببليوجرافية | |
| تبصرة ببليوجرافية,الخ | ببليوجرافية: ص141-143 |
| 511 ## - | |
| -- | Catalogued by: Sara |
| 942 ## - عناصر المدخل الإضافي( كوها) | |
| Koha [default] item type | Book - Borrowing |
| سابقة رقم الطلب | 147ع د و |
| مصدر التصنيف او مخطط الترفيف | Dewey Decimal Classification |
| حالة التراجع | حالة الفقد | مصدر التصنيف او خطة الترفيف | حالة تلف | ليس للاعارة | مجموعات كوها | المكان الدائم | المكان الحالي | موقع الترفيف | تاريخ الاكتساب | Source of acquisition | رقم الاستدعاء | الباركود | Date last seen | مُعار | نوع الوعاء |
|---|---|---|---|---|---|---|---|---|---|---|---|---|---|---|---|
| Dewey Decimal Classification | Central Library | Central Library | Lower Floor | 28/11/2007 | 147 ع د و | 000008122 | 15/07/2025 | 31/07/2022 | Book - Borrowing | ||||||
| Dewey Decimal Classification | Central Library | Central Library | Lower Floor | 28/11/2007 | 147 ع د و | 000008123 | 15/07/2025 | Book - Borrowing | |||||||
| Dewey Decimal Classification | Central Library | Central Library | Lower Floor | 07/03/2011 | 147 ع د و | 000008121 | 15/07/2025 | Book - Borrowing |